[Event "AUS-ch Major"]
[Site "Cammeray"]
[Date "2018.01.04"]
[Round "4"]
[White "Davis, Tony J"]
[Black "Zhong, Tony Junhao"]
[Result "1/2-1/2"]
[WhiteElo "1902"]
[BlackElo "1964"]
[PlyCount "159"]
[EventDate "2018.01.02"]
[EventType "swiss"]
[EventRounds "11"]
[EventCountry "AUS"]
[SourceTitle "CBM 182 Extra"]
[Source "ChessBase"]
[SourceDate "2018.02.23"]
[SourceVersion "1"]
[SourceVersionDate "2018.02.23"]
[SourceQuality "1"]

1. d4 Nf6 2. Bg5 e6 3. e4 h6 4. Bxf6 Qxf6 5. c3 d6 6. Bd3 e5 7. Ne2 Qd8 8. 0-0 Be7 9. f4 0-0 10. Nd2 c5 11. Nf3 exd4 12. cxd4 cxd4 13. Kh1 Qb6 14. Nexd4 Bf6 15. e5 dxe5 16. fxe5 Be7 17. Qe2 Nc6 18. Qe4 g6 19. Rac1 Bc5 20. Nxc6 Bf5 21. Qd5 bxc6 22. Qxc5 Bxd3 23. Rfd1 Be2 24. Rd2 Bxf3 25. gxf3 Rfd8 26. Qxc6 Rxd2 27. Qxa8+ Kg7 28. Qc6 Rd1+ 29. Kg2 Qxb2+ 30. Rc2 Rd2+ 31. Rxd2 Qxd2+ 32. Kh3 Qxa2 33. Kg3 a5 34. Qc3 Kh7 35. e6 Qxe6 36. Qxa5 Qd6+ 37. Kg2 Qf6 38. Qc7 h5 39. Qc4 Qg5+ 40. Kf2 Qf5 41. h4 Kg7 42. Qd4+ Qf6 43. Qe4 Qb2+ 44. Kg3 Qb8+ 45. Kg2 Qd6 46. Kf2 Kf6 47. Kg2 Qe5 48. Qc6+ Qe6 49. Qc3+ Kf5 50. Qd3+ Ke5 51. Qe4+ Kd6 52. Qd4+ Kc6 53. Qc3+ Kb5 54. Qd3+ Kb4 55. Qd4+ Ka3 56. Qc3+ Qb3 57. Qc7 Kb2 58. Kg3 Qe6 59. Qb7+ Kc3 60. Qc7+ Kd2 61. Qa5+ Ke2 62. Qb5+ Ke1 63. Qb1+ Kd2 64. Qb4+ Kd3 65. Qb5+ Qc4 66. Qb1+ Kd4 67. Qe4+ Kc5 68. Qe7+ Kc6 69. Qe8+ Kd6 70. Qd8+ Ke6 71. Qe8+ Kf6 72. Qh8+ Kf5 73. Qb8 g5 74. Qb1+ Kf6 75. Qb6+ Kg7 76. hxg5 h4+ 77. Kh3 Qf1+ 78. Kxh4 Qxf3 79. Qd4+ Kg8 80. Qd8+ 1/2-1/2

[Event "Wch U16"]
[Site "Montevideo"]
[Date "2017.09.22"]
[Round "6"]
[White "Zhong, Tony Junhao"]
[Black "Silva, Lucas"]
[Result "1/2-1/2"]
[WhiteElo "1993"]
[BlackElo "2071"]
[PlyCount "103"]
[EventDate "2017.09.17"]
[EventType "swiss"]
[EventRounds "11"]
[EventCountry "URU"]
[SourceTitle "CBM 180 Extra"]
[Source "ChessBase"]
[SourceDate "2017.10.06"]
[SourceVersion "1"]
[SourceVersionDate "2017.10.06"]
[SourceQuality "1"]

1. e4 e6 2. d4 d5 3. Nd2 c5 4. Ngf3 cxd4 5. Nxd4 Nf6 6. e5 Nfd7 7. f4 Nc6 8. c3 Qb6 9. N2f3 Nc5 10. Qc2 Bd7 11. Be3 Rc8 12. Nb3 Nb8 13. Qf2 Bb5 14. Nxc5 Bxc5 15. Bxc5 Qxc5 16. Nd4 Bxf1 17. Qxf1 a6 18. Qd3 Qc4 19. Qxc4 Rxc4 20. Kd2 Ke7 21. Rhf1 g6 22. h3 h5 23. g3 Nd7 24. Nb3 Rc7 25. Kd3 Nb6 26. Nd2 Na4 27. Rab1 b5 28. Rfc1 Rhc8 29. Rc2 Rg8 30. h4 Rgc8 31. Rbc1 Nb6 32. b3 a5 33. c4 dxc4+ 34. bxc4 bxc4+ 35. Nxc4 Nd5 36. a3 Rb8 37. Nxa5 Rxc2 38. Rxc2 Rb5 39. Nc6+ Kd7 40. Nb4 Nxb4+ 41. axb4 Rxb4 42. Rc3 Rb1 43. Ke2 Rb7 44. Kf3 Ke7 45. g4 hxg4+ 46. Kxg4 Kf8 47. h5 gxh5+ 48. Kxh5 Rb1 49. Kg5 Kg7 50. Rc7 Rg1+ 51. Kh5 Rg6 52. Ra7 1/2-1/2

[Event "Wch U16"]
[Site "Montevideo"]
[Date "2017.09.19"]
[Round "4"]
[White "Zhong, Tony Junhao"]
[Black "Ramirez Madrid, Gerardo Alfonso"]
[Result "0-1"]
[WhiteElo "1993"]
[BlackElo "1683"]
[PlyCount "44"]
[EventDate "2017.09.17"]
[EventType "swiss"]
[EventRounds "11"]
[EventCountry "URU"]
[SourceTitle "CBM 180 Extra"]
[Source "ChessBase"]
[SourceDate "2017.10.06"]
[SourceVersion "1"]
[SourceVersionDate "2017.10.06"]
[SourceQuality "1"]

1. e4 e6 2. d4 d5 3. Nd2 Be7 4. e5 c5 5. c3 Nc6 6. Qg4 Kf8 7. Ndf3 h5 8. Qg3 cxd4 9. Nxd4 Nxd4 10. cxd4 Qb6 11. Nf3 Bd7 12. Bd3 Bb5 13. Nd2 Nh6 14. 0-0 Nf5 15. Bxf5 Bxf1 16. Bc2 Rc8 17. Bd1 Ba6 18. Qf4 g5 19. Qe3 Qb5 20. Qe1 Bb4 21. h4 Qd3 22. a3 Rxc1 0-1

[Event "AUS-ch U14"]
[Site "Wahroonga"]
[Date "2014.01.18"]
[Round "7"]
[White "Chellappah, Mishael"]
[Black "Zhong, Tony Junhao"]
[Result "0-1"]
[WhiteElo "1549"]
[BlackElo "1763"]
[PlyCount "136"]
[EventDate "2014.01.11"]
[EventType "swiss"]
[EventRounds "9"]
[EventCountry "AUS"]
[SourceTitle "EXT 2020"]
[Source "ChessBase"]
[SourceDate "2019.10.17"]
[SourceVersion "1"]
[SourceVersionDate "2019.10.17"]
[SourceQuality "1"]

1. e4 c5 2. Nf3 d6 3. d4 cxd4 4. Nxd4 Nf6 5. Nc3 a6 6. Be2 e6 7. 0-0 b5 8. a3 Bb7 9. Bf3 Nbd7 10. Nde2 Nc5 11. Ng3 Be7 12. b4 Ncd7 13. Bf4 Nb6 14. e5 Bxf3 15. Qxf3 dxe5 16. Bxe5 0-0 17. Rad1 Qc8 18. Bd6 Bxd6 19. Rxd6 Nbd5 20. Nxd5 Nxd5 21. Qe4 Qc7 22. Qe5 Qxc2 23. Nh5 Qg6 24. Nf4 Nxf4 25. Qxf4 Rfd8 26. Rfd1 Rxd6 27. Qxd6 Qf6 28. h3 h6 29. Qc7 e5 30. Rd6 Qf5 31. Qb7 Rc8 32. g4 Rc1+ 33. Kg2 Qb1 34. Rd8+ Kh7 35. Qa8 Rg1+ 36. Kh2 Rc1 37. Rh8+ Kg6 38. Qxa6+ Kg5 39. Qb7 Qc2 40. Qe7+ Kg6 41. Qh4 Qe4 42. Qh5+ Kf6 43. Rxh6+ g6 44. g5+ Kf5 45. Qg4+ Qxg4 46. hxg4+ Kxg5 47. Rh7 Kxg4 48. Rxf7 Rc2 49. Kg2 Ra2 50. Rf3 e4 51. Rg3+ Kf5 52. Re3 Kf4 53. Rg3 g5 54. Kf1 Ra1+ 55. Kg2 g4 56. Re3 Ra2 57. Rc3 Rd2 58. Kf1 Ra2 59. Kg2 Rb2 60. Rc8 e3 61. Rf8+ Kg5 62. Re8 exf2 63. Rf8 Ra2 64. Rxf2 Rxf2+ 65. Kxf2 Kf4 66. Kg2 g3 67. a4 bxa4 68. b5 Ke5 0-1

[Event "Queensland-ch"]
[Site "Brisbane"]
[Date "2013.10.06"]
[Round "6"]
[White "Zhong, Tony Junhao"]
[Black "Vucak, Mark"]
[Result "1-0"]
[WhiteElo "1827"]
[BlackElo "1790"]
[PlyCount "87"]
[EventDate "2013.10.03"]
[EventType "swiss"]
[EventRounds "9"]
[EventCountry "AUS"]
[SourceTitle "CBM 157 Extra"]
[Source "ChessBase"]
[SourceDate "2013.12.19"]
[SourceVersion "1"]
[SourceVersionDate "2013.12.19"]
[SourceQuality "1"]

1. e4 e5 2. Nf3 Nc6 3. Bc4 Bc5 4. d3 Nf6 5. Nc3 h6 6. Be3 Bb6 7. Qe2 d6 8. h3 Bd7 9. 0-0-0 Na5 10. Bb3 Nxb3+ 11. axb3 Qe7 12. g4 g5 13. d4 0-0-0 14. d5 Bxe3+ 15. fxe3 Kb8 16. Rdf1 Bc8 17. Rf2 Nd7 18. Nd2 f6 19. Nf1 Rdf8 20. Ng3 Rf7 21. h4 Nc5 22. hxg5 fxg5 23. Nf5 Bxf5 24. exf5 e4 25. Rh3 Nd7 26. Rfh2 Rfh7 27. Rh1 Nf6 28. Kd2 Qf7 29. Qg2 h5 30. gxh5 Rxh5 31. Rxh5 Rxh5 32. Rxh5 Qxh5 33. Nxe4 Nxe4+ 34. Qxe4 Kc8 35. f6 Qf7 36. Qe6+ Qxe6 37. dxe6 Kd8 38. Ke2 a5 39. Kf3 b5 40. Kg4 d5 41. Kxg5 a4 42. bxa4 bxa4 43. e4 c5 44. c3 1-0

[Event "Queensland-ch"]
[Site "Brisbane"]
[Date "2013.10.04"]
[Round "2"]
[White "Zhong, Tony Junhao"]
[Black "D'Arcy, Michael"]
[Result "0-1"]
[WhiteElo "1827"]
[BlackElo "1876"]
[PlyCount "58"]
[EventDate "2013.10.03"]
[EventType "swiss"]
[EventRounds "9"]
[EventCountry "AUS"]
[SourceTitle "CBM 157 Extra"]
[Source "ChessBase"]
[SourceDate "2013.12.19"]
[SourceVersion "1"]
[SourceVersionDate "2013.12.19"]
[SourceQuality "1"]

1. e4 c5 2. Nf3 d6 3. d4 cxd4 4. Nxd4 Nf6 5. Nc3 a6 6. f3 e6 7. Be3 Be7 8. Qd2 Qc7 9. g4 Nc6 10. g5 Nd7 11. f4 b5 12. f5 Nde5 13. 0-0-0 Nxd4 14. Bxd4 b4 15. Nb1 exf5 16. Bg2 f4 17. Qxf4 Be6 18. Bxe5 dxe5 19. Qg3 Rc8 20. Rd2 a5 21. h4 a4 22. Bh3 Bxh3 23. Rxh3 0-0 24. h5 Qc4 25. h6 Rfd8 26. Rxd8+ Bxd8 27. Rh2 Qxe4 28. Nc3 bxc3 29. Rh4 cxb2+ 0-1